[Event "Samara Polugaevsky Memorial 5th"]
[Site "Samara"]
[Date "2015.07.08"]
[Round "6"]
[White "Ovchinnikov, Vsevolod"]
[Black "Kalyndu, Aldynbek"]
[Result "1/2-1/2"]
[WhiteElo "2231"]
[BlackElo "2099"]
[PlyCount "81"]
[EventDate "2015.07.03"]
[EventType "swiss"]
[EventRounds "9"]
[EventCountry "RUS"]
[SourceTitle "EXT 2017"]
[Source "ChessBase"]
[SourceDate "2016.10.25"]
[SourceVersion "1"]
[SourceVersionDate "2016.10.25"]
[SourceQuality "1"]

1. d4 Nf6 2. c4 e6 3. Nf3 b6 4. g3 Bb7 5. Bg2 Be7 6. 0-0 0-0 7. d5 Na6 8. Ne1 exd5 9. cxd5 Bd6 10. Nc3 Bb4 11. Nc2 Bxc3 12. bxc3 Re8 13. c4 Nc5 14. Bb2 Nfe4 15. Ne3 Nd6 16. Qd4 f6 17. Ba3 Nde4 18. Rae1 d6 19. f3 Ng5 20. h4 Nf7 21. f4 Bc8 22. g4 Qe7 23. Bc1 Nh6 24. g5 fxg5 25. fxg5 Nf7 26. Nf5 Bxf5 27. Rxf5 Ne5 28. Ref1 Rf8 29. e4 g6 30. Rf6 Ncd7 31. R6f4 Rxf4 32. Bxf4 h5 33. Bh3 Rf8 34. Be6+ Kh7 35. Kg2 Qg7 36. a3 Nc5 37. Bxe5 dxe5 38. Qe3 Rxf1 39. Kxf1 Nxe6 40. dxe6 Qe7 41. Qh3 1/2-1/2

[Event "Samara Polugaevsky Memorial 5th"]
[Site "Samara"]
[Date "2015.07.03"]
[Round "1"]
[White "Kalyndu, Aldynbek"]
[Black "Ulko, Jaroslav"]
[Result "1/2-1/2"]
[WhiteElo "2099"]
[BlackElo "2461"]
[PlyCount "40"]
[EventDate "2015.07.03"]
[EventType "swiss"]
[EventRounds "9"]
[EventCountry "RUS"]
[SourceTitle "EXT 2017"]
[Source "ChessBase"]
[SourceDate "2016.10.25"]
[SourceVersion "1"]
[SourceVersionDate "2016.10.25"]
[SourceQuality "1"]

1. d4 Nf6 2. c4 e6 3. Nf3 b6 4. a3 Ba6 5. Qc2 Bb7 6. Nc3 c5 7. dxc5 bxc5 8. Bg5 Be7 9. e3 h6 10. Bh4 0-0 11. Bd3 d5 12. cxd5 exd5 13. 0-0 Nbd7 14. Rfd1 Qb6 15. Bf5 Rfd8 16. Na4 Qb5 17. Nc3 Qb6 18. Na4 Qb5 19. Nc3 Qb6 20. Na4 Qb5 1/2-1/2

[Event "Novokuznetsk Siberia-ch"]
[Site "Novokuznetsk"]
[Date "2013.03.24"]
[Round "4"]
[White "Kalyndu, Aldynbek"]
[Black "Sinkin, Boris"]
[Result "1-0"]
[WhiteElo "2101"]
[BlackElo "1893"]
[PlyCount "79"]
[EventDate "2013.03.21"]
[EventType "swiss"]
[EventRounds "9"]
[EventCountry "RUS"]
[SourceTitle "CBM 153 Extra"]
[Source "ChessBase"]
[SourceDate "2013.04.22"]
[SourceVersion "1"]
[SourceVersionDate "2013.04.22"]
[SourceQuality "1"]

1. d4 d5 2. c4 c6 3. e3 Nf6 4. Nf3 e6 5. Nbd2 Nbd7 6. b3 Bb4 7. Bb2 0-0 8. Bd3 Ne4 9. 0-0 f5 10. a3 Bd6 11. b4 Ndf6 12. cxd5 Nxd2 13. Qxd2 exd5 14. Ne5 Qe7 15. f3 Nd7 16. f4 Nf6 17. Bc3 Ne4 18. Qc2 Bd7 19. Rfb1 Rac8 20. Be1 Rc7 21. Rc1 Be6 22. Qb2 g5 23. Bxe4 fxe4 24. Bg3 Kg7 25. fxg5 Qxg5 26. Qe2 Kg8 27. Rf1 Bxe5 28. Rxf8+ Kxf8 29. Bxe5 Rf7 30. Rf1 Rxf1+ 31. Qxf1+ Qf5 32. Qc1 a6 33. Bf4 Qf7 34. h3 h5 35. Qc5+ Kg8 36. Qd6 Bd7 37. Qh6 Qh7 38. Qg5+ Kf8 39. Qd8+ Be8 40. Bd6+ 1-0

[Event "Sibiria Region-ch"]
[Site "Irkutsk"]
[Date "2009.05.14"]
[Round "7"]
[White "Dondukov, Sengdorji"]
[Black "Kalyndu, Aldynbek"]
[Result "1-0"]
[WhiteElo "2280"]
[BlackElo "2111"]
[PlyCount "35"]
[EventDate "2009.05.10"]
[EventType "swiss"]
[EventRounds "9"]
[EventCountry "RUS"]
[SourceTitle "CBM 130 Extra"]
[Source "ChessBase"]
[SourceDate "2009.07.02"]
[SourceVersion "2"]
[SourceVersionDate "2009.07.15"]
[SourceQuality "1"]

1. e4 d6 2. d4 Nf6 3. Nc3 c6 4. f4 g6 5. Nf3 Bg7 6. Bd3 b5 7. 0-0 0-0 8. h3 a6 9. Be3 Nbd7 10. e5 Ne8 11. Ne4 Qc7 12. Qe1 Nb6 13. Neg5 h6 14. f5 Nd5 15. fxg6 fxg6 16. Bxg6 dxe5 17. Nxe5 Nef6 18. Bf7+ 1-0

[Event "Sibiria Region-ch"]
[Site "Novokuznetsk"]
[Date "2008.03.17"]
[Round "5"]
[White "Kalyndu, Aldynbek"]
[Black "Katkov, Sergey"]
[Result "1-0"]
[WhiteElo "2124"]
[BlackElo "2242"]
[PlyCount "73"]
[EventDate "2008.03.13"]
[EventType "swiss"]
[EventRounds "9"]
[EventCountry "RUS"]
[SourceTitle "CBM 123 Extra"]
[Source "ChessBase"]
[SourceDate "2008.05.06"]
[SourceVersion "1"]
[SourceVersionDate "2008.05.06"]
[SourceQuality "1"]

1. c4 Nf6 2. Nc3 c5 3. g3 d5 4. cxd5 Nxd5 5. Nf3 Nc6 6. Bg2 Nc7 7. d3 e5 8. 0-0 Be7 9. Nd2 Bd7 10. Nc4 f6 11. f4 exf4 12. Bxf4 Ne6 13. Bd2 Rb8 14. Nd5 0-0 15. a4 Re8 16. e3 b6 17. Bc3 Nb4 18. Bxb4 cxb4 19. b3 Bf8 20. Kh1 Rc8 21. Ra2 Bc6 22. e4 Bc5 23. Re2 Nd4 24. Ree1 Bxd5 25. exd5 Qd7 26. Re4 f5 27. Ree1 g6 28. Ne5 Qd6 29. Nc4 Qf6 30. Nd2 Qf7 31. Ne4 Rcd8 32. g4 f4 33. g5 Kg7 34. Qg4 Qf5 35. Qh4 f3 36. Qh6+ Kh8 37. Nf6 1-0

[Event "Sibiria Region-ch"]
[Site "Novokuznetsk"]
[Date "2008.03.14"]
[Round "2"]
[White "Kalyndu, Aldynbek"]
[Black "Semkin, Alexandr"]
[Result "0-1"]
[WhiteElo "2124"]
[BlackElo "2246"]
[PlyCount "134"]
[EventDate "2008.03.13"]
[EventType "swiss"]
[EventRounds "9"]
[EventCountry "RUS"]
[SourceTitle "CBM 123 Extra"]
[Source "ChessBase"]
[SourceDate "2008.05.06"]
[SourceVersion "1"]
[SourceVersionDate "2008.05.06"]
[SourceQuality "1"]

1. c4 Nf6 2. Nc3 d6 3. g3 g6 4. Bg2 Bg7 5. e4 c5 6. Nge2 Nc6 7. h3 0-0 8. 0-0 Bd7 9. d3 a6 10. Be3 Rb8 11. a4 Ne8 12. Rb1 Nc7 13. f4 b5 14. axb5 axb5 15. b3 Nd4 16. g4 e6 17. Ng3 b4 18. Nce2 f5 19. g5 Bc6 20. h4 Ra8 21. h5 e5 22. h6 Bh8 23. Nxd4 cxd4 24. Bd2 Ne6 25. Qe2 Nxf4 26. Bxf4 exf4 27. exf5 Re8 28. Qd2 Bxg2 29. Qxg2 Qxg5 30. Qd5+ Kf8 31. Qxd6+ Re7 32. Qxf4 Qxf4 33. Rxf4 Be5 34. Rf3 Rf7 35. Rbf1 g5 36. Ne4 Bf4 37. Rxf4 gxf4 38. Rxf4 Ra5 39. Nd6 Rf6 40. Nb5 Rxh6 41. Kg2 Ra2+ 42. Kf3 Rh3+ 43. Ke4 Rd2 44. Nxd4 Rhxd3 45. Ke5 Kf7 46. Rh4 Re3+ 47. Kd5 Rxb3 48. Rxh7+ Kf6 49. Ke4 Rc3 50. Rh6+ Kg7 51. Rg6+ Kf7 52. Rc6 b3 53. Rc7+ Kf6 54. Rc6+ Kf7 55. Ke5 Re3+ 56. Kf4 Red3 57. Rc7+ Kf6 58. Rc6+ Kf7 59. Rc7+ Ke8 60. Ne6 Rd7 61. Rc8+ Ke7 62. Rb8 b2 63. Ke5 Re2+ 64. Kf4 Rd1 65. Rb7+ Kf6 66. Nf8 Rf1+ 67. Kg4 b1Q 0-1

[Event "Sibiria Region-ch"]
[Site "Novokuznetsk"]
[Date "2008.03.13"]
[Round "1"]
[White "Kalyndu, Aldynbek"]
[Black "Lavrov, Maxim"]
[Result "0-1"]
[WhiteElo "2124"]
[BlackElo "2338"]
[PlyCount "88"]
[EventDate "2008.03.13"]
[EventType "swiss"]
[EventRounds "9"]
[EventCountry "RUS"]
[SourceTitle "CBM 123 Extra"]
[Source "ChessBase"]
[SourceDate "2008.05.06"]
[SourceVersion "1"]
[SourceVersionDate "2008.05.06"]
[SourceQuality "1"]

1. c4 Nf6 2. Nc3 g6 3. g3 Bg7 4. Bg2 0-0 5. Nf3 d6 6. d3 e5 7. 0-0 Nc6 8. Rb1 a5 9. a3 Re8 10. Bg5 h6 11. Bxf6 Bxf6 12. b4 axb4 13. axb4 Bg7 14. Nd5 Nb8 15. b5 Nd7 16. Nd2 Nf6 17. Nc3 h5 18. Qc2 h4 19. Ra1 Rb8 20. Ra7 hxg3 21. hxg3 Bh6 22. Rfa1 Kg7 23. Nf1 Rh8 24. e3 Qd7 25. d4 exd4 26. exd4 Qe7 27. b6 cxb6 28. Qb3 Be6 29. d5 Bf5 30. Qxb6 Nd7 31. Qb4 Nc5 32. Nb5 Bg5 33. Re1 Qd8 34. Ne3 Bc8 35. Nd4 Bd7 36. Nb5 Bxb5 37. cxb5 Bf6 38. Ra3 Qd7 39. Rd1 Rhe8 40. b6 Ra8 41. Rxa8 Rxa8 42. Bf1 Ra4 43. Qb1 Rd4 44. Be2 Qe7 0-1

[Event "Sibiria Region-ch"]
[Site "Russia"]
[Date "2007.03.26"]
[Round "9"]
[White "Sinitsin, Roman"]
[Black "Kalyndu, Aldynbek"]
[Result "1-0"]
[WhiteElo "2207"]
[BlackElo "2058"]
[PlyCount "111"]
[EventDate "2007.03.18"]
[EventType "swiss"]
[EventRounds "9"]
[EventCountry "RUS"]
[SourceTitle "EXT 2008"]
[Source "ChessBase"]
[SourceDate "2007.11.25"]
[SourceVersion "1"]
[SourceVersionDate "2007.11.25"]
[SourceQuality "1"]

1. d4 Nf6 2. Nf3 g6 3. c4 Bg7 4. Nc3 d6 5. e4 0-0 6. h3 c5 7. d5 a6 8. a4 e6 9. Bd3 exd5 10. exd5 Re8+ 11. Be3 Bh6 12. 0-0 Bxe3 13. fxe3 Qe7 14. e4 Nbd7 15. Qd2 Kg7 16. Rf2 Ng8 17. Ng5 Ne5 18. Raf1 Rf8 19. Be2 h6 20. Nf3 Bd7 21. Qf4 Rae8 22. a5 Nxf3+ 23. Rxf3 Qe5 24. Qxe5+ Rxe5 25. Bd3 f6 26. Rb1 Bc8 27. b4 cxb4 28. Rxb4 f5 29. exf5 gxf5 30. Rg3+ Kf7 31. Rb6 Rd8 32. c5 Nf6 33. Kf2 Ne8 34. c6 bxc6 35. Rxc6 Re7 36. Bxa6 Bd7 37. Rb6 Ra8 38. Rf3 Kg6 39. Re3 Rxe3 40. Kxe3 Kf6 41. Kf4 Ke7 42. Bb5 Rxa5 43. Rb7 Nf6 44. Bxd7 Nxd7 45. Rc7 Ra8 46. Kxf5 Rf8+ 47. Ke4 Kd8 48. Ra7 Ke7 49. Ne2 Rf7 50. Ng3 Kf6 51. Kd4 Ke7 52. Ne4 Rf1 53. Ra2 Ne5 54. Nxd6 Nc6+ 55. dxc6 Kxd6 56. Rc2 1-0

[Event "Sibiria Region-ch"]
[Site "Russia"]
[Date "2007.03.24"]
[Round "7"]
[White "Shirjaev, Alexandr"]
[Black "Kalyndu, Aldynbek"]
[Result "1-0"]
[WhiteElo "2337"]
[BlackElo "2058"]
[PlyCount "95"]
[EventDate "2007.03.18"]
[EventType "swiss"]
[EventRounds "9"]
[EventCountry "RUS"]
[SourceTitle "EXT 2008"]
[Source "ChessBase"]
[SourceDate "2007.11.25"]
[SourceVersion "1"]
[SourceVersionDate "2007.11.25"]
[SourceQuality "1"]

1. e4 d6 2. d4 Nf6 3. Nc3 g6 4. f4 Bg7 5. Nf3 0-0 6. Bd3 Na6 7. 0-0 c5 8. d5 Nb4 9. Bc4 Rb8 10. a3 Na6 11. Qd3 Nc7 12. a4 Na6 13. Qe2 Nb4 14. Rd1 Bg4 15. Be3 Bxf3 16. gxf3 Nh5 17. Rac1 Qc8 18. Kh1 Qh3 19. Qf2 Na6 20. f5 Bf6 21. Bf1 Qh4 22. Qxh4 Bxh4 23. Bh3 b6 24. f4 Bf6 25. Bg4 Ng7 26. fxg6 fxg6 27. Rb1 Nc7 28. Nb5 Rb7 29. c3 a6 30. Nxc7 Rxc7 31. Re1 Rb8 32. Bf2 Ne8 33. Be6+ Kh8 34. e5 Bg7 35. h4 Bf8 36. b4 Ng7 37. bxc5 dxc5 38. Bg4 Nf5 39. Bxf5 gxf5 40. c4 b5 41. axb5 axb5 42. Rxb5 Rxb5 43. cxb5 Bh6 44. Be3 Kg7 45. b6 Rb7 46. Rb1 Kg6 47. Kg2 Kh5 48. Kg3 1-0

[Event "Sibiria Region-ch"]
[Site "Russia"]
[Date "2007.03.22"]
[Round "5"]
[White "Kalyndu, Aldynbek"]
[Black "Vladimirov, Mikhail"]
[Result "1-0"]
[WhiteElo "2058"]
[BlackElo "2232"]
[PlyCount "101"]
[EventDate "2007.03.18"]
[EventType "swiss"]
[EventRounds "9"]
[EventCountry "RUS"]
[SourceTitle "EXT 2008"]
[Source "ChessBase"]
[SourceDate "2007.11.25"]
[SourceVersion "1"]
[SourceVersionDate "2007.11.25"]
[SourceQuality "1"]

1. d4 Nf6 2. c4 e5 3. dxe5 Ng4 4. Bf4 g5 5. Bg3 Bg7 6. Nf3 Nc6 7. Nc3 Ngxe5 8. Nxe5 Nxe5 9. e3 d6 10. Be2 Be6 11. Qb3 f5 12. f4 Ng6 13. 0-0 0-0 14. Rad1 Kh8 15. Qc2 gxf4 16. exf4 Qf6 17. Nb5 Qf7 18. b3 a6 19. Nd4 Bd7 20. Bf3 Rab8 21. c5 dxc5 22. Qxc5 Rfc8 23. Bd5 Qf6 24. Nf3 Bb5 25. Rfe1 b6 26. Qc2 c6 27. Be6 Re8 28. Bxf5 c5 29. Bxg6 hxg6 30. Ne5 Re6 31. f5 gxf5 32. Ng6+ Qxg6 33. Rxe6 Qxe6 34. Bxb8 Bd4+ 35. Kh1 Bc6 36. Bg3 Be4 37. Qe2 Qc6 38. Bf4 Qg6 39. Rd2 Qc6 40. Qxa6 Kh7 41. Qe2 Qg6 42. Qe1 Qh5 43. Qg3 Qe8 44. Qh4+ Kg8 45. Qg3+ Kh7 46. Qh4+ Kg8 47. Qg5+ Kh7 48. h4 Qb5 49. Qh6+ Kg8 50. Qg6+ Kf8 51. Bd6# 1-0

[Event "Sibiria Region-ch"]
[Site "Russia"]
[Date "2007.03.18"]
[Round "1"]
[White "Kalyndu, Aldynbek"]
[Black "Andreev, Afrikan"]
[Result "1/2-1/2"]
[WhiteElo "2058"]
[BlackElo "2361"]
[PlyCount "24"]
[EventDate "2007.03.18"]
[EventType "swiss"]
[EventRounds "9"]
[EventCountry "RUS"]
[SourceTitle "EXT 2008"]
[Source "ChessBase"]
[SourceDate "2007.11.25"]
[SourceVersion "1"]
[SourceVersionDate "2007.11.25"]
[SourceQuality "1"]

1. d4 d5 2. c4 c6 3. e3 Nf6 4. Nc3 g6 5. Nf3 Bg7 6. Bd3 0-0 7. 0-0 Bg4 8. h3 Bxf3 9. Qxf3 e6 10. b3 Nbd7 11. cxd5 exd5 12. Ba3 Re8 1/2-1/2

[Event "Kyzyl op"]
[Site "Kyzyl"]
[Date "2007.01.24"]
[Round "9"]
[White "Kalyndu, Aldynbek"]
[Black "Mokhov, Vladimir"]
[Result "1/2-1/2"]
[WhiteElo "2058"]
[BlackElo "2100"]
[PlyCount "135"]
[EventDate "2007.01.20"]
[EventType "swiss"]
[EventRounds "9"]
[EventCountry "RUS"]
[SourceTitle "EXT 2010"]
[Source "ChessBase"]
[SourceDate "2010.11.25"]
[SourceVersion "1"]
[SourceVersionDate "2010.11.25"]
[SourceQuality "1"]

1. d4 Nf6 2. c4 g6 3. Nc3 Bg7 4. e4 0-0 5. Be2 d6 6. Bg5 Na6 7. Qd2 c6 8. Nf3 Qa5 9. 0-0 Bg4 10. a3 Bxf3 11. b4 Qc7 12. Bxf3 e5 13. d5 c5 14. Nb5 Qd7 15. Rab1 Rfc8 16. Qd3 h6 17. Be3 b6 18. Bd1 Qe7 19. f3 Ne8 20. Ba4 Nec7 21. Nxc7 Rxc7 22. Bc6 Rd8 23. Rf2 Qf8 24. Rfb2 f5 25. b5 Nb8 26. a4 f4 27. Bf2 Bf6 28. a5 Nd7 29. Ra2 Qe7 30. Bxd7 Rcxd7 31. axb6 axb6 32. Rba1 Rb7 33. Ra8 Rxa8 34. Rxa8+ Kf7 35. Ra2 Ra7 36. Ra6 Rb7 37. Qa3 Qc7 38. Ra8 Qd7 39. Qa6 Qc7 40. Qa1 Qd7 41. g3 g5 42. g4 Qc7 43. Ra6 Qe7 44. Qf1 Kg7 45. Qh3 Qc7 46. Qf1 Qd7 47. Qe1 Qc7 48. h4 Qe7 49. hxg5 hxg5 50. Qf1 Qd7 51. Qh3 Rb8 52. Qf1 Rb7 53. Qa1 Qe7 54. Kg2 Qc7 55. Ra8 Rb8 56. Ra6 Qd7 57. Ra2 Qc7 58. Qd1 Be7 59. Qa4 Rb7 60. Qa8 Bd8 61. Ra1 Kf7 62. Qa2 Kg6 63. Qb1 Ra7 64. Ra6 Rb7 65. Qa1 Kg7 66. Ra8 Rb8 67. Qa6 Rxa8 68. Qxa8 1/2-1/2